2016 MLS Cup Playoffs - Statistics

General Stats
  • This quiz has been taken 91 times
  • The average score is 10 of 12
Answers on the Map
Answers color-coded by a green-red scale on the quiz's map according to % correct below.
 
Answer Stats
Team % Correct
Los Angeles Galaxy
96%
Seattle Sounders FC
92%
Toronto FC
90%
New York Red Bulls
84%
D.C. United
82%
FC Dallas
78%
Montreal Impact
78%
New York City FC
78%
Philadelphia Union
74%
Real Salt Lake
72%
Colorado Rapids
66%
Sporting Kansas City
64%
No matching quizzes found
Score Distribution
Percent of People with Each Score
Percentile by Number Answered
Your Score History
You have not taken this quiz